[Event "7th Iberoamerican-ch 2019"]
[Site "Linares"]
[Date "2019.08.17"]
[Round "8.20"]
[White "Teran Alvarez, Ismael"]
[Black "Gavarrete, Nahun"]
[Result "1-0"]
[WhiteElo "2392"]
[BlackElo "2349"]
[Annotator "NA"]
[PlyCount "65"]
[EventDate "2019.08.10"]
[EventType "swiss"]
[EventCountry "ESP"]
[SourceTitle "playchess.com"]
[Source "ChessBase"]
[SourceQuality "1"]
[TimeControl "5400+30"]

1. e4 {[%emt 0:02:15]} c5 {[%emt 0:00:00]} 2. Nf3 {[%emt 0:00:36]} d6 {[%emt 0:00:00]} 3. d4 {[%emt 0:00:20]} cxd4 {[%emt 0:00:00]} 4. Nxd4 {[%emt 0:00:42]} Nf6 {[%emt 0:00:07]} 5. Nc3 {[%emt 0:00:03]} g6 {[%emt 0:00:06]} 6. Bc4 {[%emt 0:02:05]} Bg7 {[%emt 0:00:13]} 7. O-O {[%emt 0:00:31]} O-O {[%emt 0:01:25]} 8. Re1 {[%emt 0:00:40]} Nc6 {[%emt 0:00:20]} 9. Nb3 {[%emt 0:00:36]} Bd7 {[%emt 0:07:30]} 10. Bf1 {[%emt 0:06:27]} Rc8 {[%emt 0:00:31]} 11. Nd5 {[%emt 0:11:08]} Ne5 {[%emt 0:06:11]} 12. c3 {[%emt 0:06:55]} Re8 {[%emt 0:03:56]} 13. a4 {[%emt 0:04:40]} Nc4 {[%emt 0:17:38]} 14. a5 {[%emt 0:07:21]} Nxd5 {[%emt 0:01:25]} 15. exd5 {[%emt 0:01:08]} b5 {[%emt 0:00:13]} 16. axb6 {[%emt 0:02:23]} axb6 {[%emt 0:06:30]} 17. Nd4 {[%emt 0:02:53]} b5 {[%emt 0:03:22]} 18. Ra7 {[%emt 0:17:47]} Rc5 {[%emt 0:16:26]} 19. Nc2 {[%emt 0:05:55]} Nb6 {[%emt 0:09:16]} 20. Nb4 {[%emt 0:01:28]} Qb8 {[%emt 0:02:20]} 21. Ra1 {[%emt 0:06:03]} Qb7 {[%emt 0:01:45]} 22. Be3 {[%emt 0:00:31]} Na4 {[%emt 0:03:31]} 23. Bxc5 {[%emt 0:02:04]} dxc5 {[%emt 0:00:02]} 24. Nc6 {[%emt 0:00:27]} Bxc6 {[%emt 0:14:57]} 25. dxc6 {[%emt 0:00:16]} Qxc6 {[%emt 0:00:02]} 26. Bxb5 {[%emt 0:00:31]} Qxb5 {[%emt 0:00:09]} 27. Qxa4 {[%emt 0:00:09]} Qxa4 {[%emt 0:00:21]} 28. Rxa4 {[%emt 0:00:06]} Rb8 {[%emt 0:00:50]} 29. Ra2 {[%emt 0:06:02]} f5 {[%emt 0:02:45]} 30. g3 {[%emt 0:01:01]} Kf7 {[%emt 0:00:13]} 31. Rd1 {[%emt 0:00:18]} Rb7 {[%emt 0:01:15]} 32. Rd2 {[%emt 0:00:30]} Bh6 {[%emt 0:01:12]} 33. Re2 {[%emt 0:00:12]} 1-0

[Event "7th Iberoamerican-ch 2019"]
[Site "Linares"]
[Date "2019.08.17"]
[Round "8.21"]
[White "Romero Berruezo, Francisco"]
[Black "Vega Gutierrez, Sabrina"]
[Result "0-1"]
[WhiteElo "2161"]
[BlackElo "2385"]
[Annotator "NA"]
[PlyCount "100"]
[EventDate "2019.08.10"]
[EventType "swiss"]
[EventCountry "ESP"]
[SourceTitle "playchess.com"]
[Source "ChessBase"]
[SourceQuality "1"]
[TimeControl "5400+30"]

1. e4 {[%emt 0:00:03]} c5 {[%emt 0:00:00]} 2. Nf3 {[%emt 0:00:22]} Nc6 {[%emt 0:00:32]} 3. d4 {[%emt 0:02:07]} cxd4 {[%emt 0:00:09]} 4. Nxd4 {[%emt 0:00:02]} Nf6 {[%emt 0:00:12]} 5. Nc3 {[%emt 0:00:06]} e5 {[%emt 0:00:16]} 6. Ndb5 {[%emt 0:00:17]} d6 {[%emt 0:00:09]} 7. Bg5 {[%emt 0:00:16]} a6 {[%emt 0:00:07]} 8. Na3 {[%emt 0:00:12]} b5 {[%emt 0:00:09]} 9. Bxf6 {[%emt 0:00:47]} gxf6 {[%emt 0:00:09]} 10. Nd5 {[%emt 0:00:04]} f5 {[%emt 0:01:40]} 11. c3 {[%emt 0:00:12]} Bg7 {[%emt 0:02:19]} 12. exf5 {[%emt 0:01:16]} Bxf5 {[%emt 0:00:11]} 13. Nc2 {[%emt 0:00:20]} O-O {[%emt 0:00:44]} 14. Nce3 {[%emt 0:00:19]} Be6 {[%emt 0:00:08]} 15. Bd3 {[%emt 0:00:19]} f5 {[%emt 0:00:25]} 16. Bc2 {[%emt 0:00:47]} Kh8 {[%emt 0:02:54]} 17. Qh5 {[%emt 0:04:24]} e4 {[%emt 0:27:56]} 18. Nf4 {[%emt 0:12:22]} Qe8 {[%emt 0:00:51]} 19. Qxe8 {[%emt 0:03:56]} Raxe8 {[%emt 0:00:08]} 20. Bb3 {[%emt 0:03:12]} Bc8 {[%emt 0:03:43]} 21. Rd1 {[%emt 0:08:19]} Be5 {[%emt 0:02:25]} 22. g3 {[%emt 0:08:04]} Na5 {[%emt 0:17:11]} 23. Bd5 {[%emt 0:13:49]} Nb7 {[%emt 0:00:09]} 24. Bxb7 {[%emt 0:02:44]} Bxb7 {[%emt 0:00:33]} 25. Nfd5 {[%emt 0:05:35]} Rf7 {[%emt 0:04:05]} 26. Ke2 {[%emt 0:12:00]} a5 {[%emt 0:01:10]} 27. Rd2 {[%emt 0:03:18]} Ref8 {[%emt 0:06:21]} 28. Nf4 {[%emt 0:01:21]} Rc8 {[%emt 0:02:34]} 29. Rhd1 {[%emt 0:02:49]} Ba6 {[%emt 0:04:52]} 30. Rxd6 {[%emt 0:01:28]} Bxd6 {[%emt 0:00:12]} 31. Rxd6 {[%emt 0:00:04]} Bb7 {[%emt 0:00:31]} 32. Kd2 {[%emt 0:05:52]} Bc6 {[%emt 0:02:44]} 33. b3 {[%emt 0:02:19]} Rd7 {[%emt 0:00:56]} 34. Rxd7 {[%emt 0:00:13]} Bxd7 {[%emt 0:00:07]} 35. c4 {[%emt 0:00:16]} bxc4 {[%emt 0:02:17]} 36. bxc4 {[%emt 0:00:12]} Kg7 {[%emt 0:00:38]} 37. Kc3 {[%emt 0:00:05]} Kf6 {[%emt 0:01:26]} 38. Kd4 {[%emt 0:00:12]} Rb8 {[%emt 0:00:23]} 39. Ned5+ {[%emt 0:03:40]} Kf7 {[%emt 0:00:06]} 40. Kc3 {[%emt 0:01:08]} Rb1 {[%emt 0:00:14]} 41. Ne3 {[%emt 0:00:21]} Ra1 {[%emt 0:04:33]} 42. Kb2 {[%emt 0:01:49]} Rh1 {[%emt 0:00:19]} 43. h4 {[%emt 0:00:53]} Rh2 {[%emt 0:04:10]} 44. Nfg2 {[%emt 0:00:38]} Kf6 {[%emt 0:00:48]} 45. Kc3 {[%emt 0:00:27]} Ke5 {[%emt 0:00:03]} 46. c5 {[%emt 0:00:34]} Bb5 {[%emt 0:00:19]} 47. Nf4 {[%emt 0:02:51]} Rxf2 {[%emt 0:00:35]} 48. a4 {[%emt 0:00:03]} Ba6 {[%emt 0:02:37]} 49. Nc4+ {[%emt 0:00:36]} Bxc4 {[%emt 0:00:15]} 50. Kxc4 {[%emt 0:00:02]} Rb2 {[%emt 0:00:13]} 0-1

[Event "7th Iberoamerican-ch 2019"]
[Site "Linares"]
[Date "2019.08.17"]
[Round "8.22"]
[White "Valenzuela Gomez, Fernando"]
[Black "Guerrero Vargas, Andres Jesus"]
[Result "1/2-1/2"]
[WhiteElo "2388"]
[BlackElo "2342"]
[Annotator "NA"]
[PlyCount "114"]
[EventDate "2019.08.10"]
[EventType "swiss"]
[EventCountry "ESP"]
[SourceTitle "playchess.com"]
[Source "ChessBase"]
[SourceQuality "1"]
[TimeControl "5400+30"]

1. d4 {[%emt 0:01:27]} Nf6 {[%emt 0:00:00]} 2. c4 {[%emt 0:00:06]} e6 {[%emt 0:00:00]} 3. Nc3 {[%emt 0:00:37]} Bb4 {[%emt 0:00:00]} 4. Nf3 {[%emt 0:00:41]} b6 {[%emt 0:00:00]} 5. e3 {[%emt 0:03:23]} Bb7 {[%emt 0:00:00]} 6. Bd3 {[%emt 0:00:15]} O-O {[%emt 0:00:28]} 7. O-O {[%emt 0:03:16]} d5 {[%emt 0:08:39]} 8. cxd5 {[%emt 0:00:48]} exd5 {[%emt 0:00:01]} 9. Ne5 {[%emt 0:00:39]} c5 {[%emt 0:04:13]} 10. Bd2 {[%emt 0:03:52]} Nbd7 {[%emt 0:07:25]} 11. a3 {[%emt 0:05:15]} Bxc3 {[%emt 0:00:53]} 12. Bxc3 {[%emt 0:00:07]} Nxe5 {[%emt 0:02:15]} 13. dxe5 {[%emt 0:00:02]} Ne4 {[%emt 0:00:01]} 14. Bxe4 {[%emt 0:00:13]} dxe4 {[%emt 0:00:02]} 15. Qg4 {[%emt 0:00:05]} Qe7 {[%emt 0:01:10]} 16. Rfd1 {[%emt 0:11:03]} Rad8 {[%emt 0:01:45]} 17. Rd6 {[%emt 0:01:23]} Bc8 {[%emt 0:02:03]} 18. Qf4 {[%emt 0:03:05]} Rxd6 {[%emt 0:01:01]} 19. exd6 {[%emt 0:00:05]} Qe6 {[%emt 0:00:09]} 20. h3 {[%emt 0:02:50]} f6 {[%emt 0:00:47]} 21. Rd1 {[%emt 0:01:29]} Rd8 {[%emt 0:00:09]} 22. Kh2 {[%emt 0:05:46]} Ba6 {[%emt 0:01:04]} 23. f3 {[%emt 0:02:57]} Bd3 {[%emt 0:00:58]} 24. fxe4 {[%emt 0:01:50]} Qxe4 {[%emt 0:02:47]} 25. Qg3 {[%emt 0:00:10]} Kf7 {[%emt 0:00:31]} 26. Rd2 {[%emt 0:00:42]} c4 {[%emt 0:00:26]} 27. Rf2 {[%emt 0:01:09]} Qe6 {[%emt 0:00:50]} 28. Kg1 {[%emt 0:06:13]} Qxd6 {[%emt 0:08:59]} 29. Qh4 {[%emt 0:00:59]} Qe6 {[%emt 0:10:34]} 30. Qg3 {[%emt 0:01:25]} Qd6 {[%emt 0:00:13]} 31. Qh4 {[%emt 0:00:40]} Re8 {[%emt 0:00:36]} 32. Bd4 {[%emt 0:00:56]} Re6 {[%emt 0:00:17]} 33. Qh5+ {[%emt 0:00:43]} Kg8 {[%emt 0:00:15]} 34. Qg4 {[%emt 0:00:44]} h6 {[%emt 0:00:52]} 35. Qf3 {[%emt 0:01:07]} Re4 {[%emt 0:03:21]} 36. Qh5 {[%emt 0:01:35]} Qe7 {[%emt 0:12:24]} 37. Qd5+ {[%emt 0:01:35]} Qe6 {[%emt 0:00:04]} 38. Qd8+ {[%emt 0:01:00]} Kh7 {[%emt 0:00:41]} 39. Rf3 {[%emt 0:01:19]} h5 {[%emt 0:02:36]} 40. Qb8 {[%emt 0:01:53]} Qd7 {[%emt 0:01:00]} 41. Kh2 {[%emt 0:03:33]} Rxd4 {[%emt 0:09:51]} 42. exd4 {[%emt 0:00:18]} Qxd4 {[%emt 0:00:04]} 43. Qe8 {[%emt 0:03:27]} Bg6 {[%emt 0:03:51]} 44. Qe2 {[%emt 0:00:41]} b5 {[%emt 0:01:11]} 45. Qf2 {[%emt 0:04:23]} Qe5+ {[%emt 0:01:19]} 46. Kh1 {[%emt 0:00:48]} a5 {[%emt 0:00:16]} 47. Qd2 {[%emt 0:01:20]} Bd3 {[%emt 0:03:06]} 48. Re3 {[%emt 0:04:08]} Qg5 {[%emt 0:03:04]} 49. Qf2 {[%emt 0:03:06]} b4 {[%emt 0:00:59]} 50. axb4 {[%emt 0:02:08]} axb4 {[%emt 0:00:01]} 51. b3 {[%emt 0:02:18]} Qc5 {[%emt 0:01:08]} 52. Qd2 {[%emt 0:02:54]} Bg6 {[%emt 0:00:46]} 53. bxc4 {[%emt 0:00:46]} Qxc4 {[%emt 0:00:03]} 54. Qd1 {[%emt 0:03:55]} Qf4 {[%emt 0:05:21]} 55. Qf3 {[%emt 0:01:38]} Qc4 {[%emt 0:01:33]} 56. Qd1 {[%emt 0:00:19]} Kh6 {[%emt 0:00:49]} 57. Rb3 {[%emt 0:01:58]} Kh7 {[%emt 0:01:07]} 1/2-1/2

[Event "7th Iberoamerican-ch 2019"]
[Site "Linares"]
[Date "2019.08.17"]
[Round "8.23"]
[White "Roselli Mailhe, Bernardo"]
[Black "Esquivias Quintero, Luis Manuel"]
[Result "1/2-1/2"]
[WhiteElo "2461"]
[BlackElo "2282"]
[Annotator "TA"]
[PlyCount "142"]
[EventDate "2019.08.10"]
[EventType "swiss"]
[EventCountry "ESP"]
[SourceTitle "playchess.com"]
[Source "ChessBase"]
[SourceQuality "1"]

{[%evp 9,142,16,58,57,56,58,51,25,35,46,41,50,34,41,51,40,48,38,72,0,56,-31,116,122,110,116,112,110,106,88,88,0,0,0,0,0,0,0,0,0,-9,-9,-9,-31,0,-31,-37,-88,-4,-92,-14,-27,0,-14,-3,-77,-75,-141,-124,-227,-157,-205,-139,-159,-88,-878,-878,-877,-868,-837,-812,-784,0,-97,-98,-105,-86,-93,-92,-77,-28,-176,-7,-8,0,0,0,0,0,0,0,0,0,0,0,0,0,-143,0,-6,-7,-8,-8,-8,-8,-8,0,0,0,0,0,0,0,-8,-8,-8,-19,-162,-8,-8,0,0,0,0,0,0,0,0,0,0,0,0,6,6,6]} 1. d4 Nf6 2. c4 c5 3. d5 b5 4. cxb5 a6 5. bxa6 g6 6. Nc3 {A58: Benko/Volga Gambit: Lines with 5 bxa6} Bg7 7. e4 O-O 8. a7 {White is slightly better.} (8. e5 Ne8 9. h4 Bxe5 10. Bh6 Bxa6 11. h5 Ng7 12. Nf3 Bxc3+ 13. bxc3 Bxf1 14. Kxf1 {1-0 (22) So,W (2780)-Duda,J (2737) chess.com INT 2018}) 8... Rxa7 9. Nf3 e6 10. Be2 exd5 11. exd5 d6 12. O-O $36 {[%mdl 2048] White has some pressure.} Na6 13. Bf4 {[#]} Re8 $146 ({Predecessor:} 13... Nc7) 14. Nd2 (14. Bb5 $16) 14... Nb4 (14... Nc7 $11 15. Bf3 Ba6) 15. Nc4 ({Better is} 15. Bg5 $1 $14) 15... Ne4 (15... Ba6 $15) 16. Nb5 $1 $16 {[%csl LRa7,LRd6][%mdl 64] Double Attack} Rd7 17. a3 $1 {[%cal Ra3b4]} Ba6 18. Ne3 (18. axb4 $6 Bxb5 19. bxc5 Nxc5 $11) 18... Rb7 19. f3 ({Much weaker is} 19. axb4 $6 Bxb5 20. Bxb5 Rxb5 $11) 19... Bxb5 20. fxe4 ({Weaker is} 20. axb4 Bxe2 21. Qxe2 Nf6 $17) (20. Bxb5 $16 Rxb5 21. fxe4) 20... Bxe2 $11 21. Qxe2 Rxe4 {Strongly threatening ...g5.} 22. axb4 Rbxb4 23. g3 $1 g5 24. Qg4 Rxe3 25. Qxg5 Re8 {White should prevent ...Qxg5.} 26. Rae1 Rf8 (26... h6 $5 {[%cal Rh6g5]} 27. Qh4 Kh7 28. Qxd8 Rxd8 $15) 27. Re7 Rxb2 28. Bc1 (28. Rxf7 $15 Qxg5 29. Rxf8+ Kxf8 30. Bxg5+ Ke8 31. Bf6 Bxf6 32. Rxf6) 28... Rb1 ({Black should try} 28... h6 $1 $17 {[%cal Rh6g5]} 29. Qh4 Rb4) 29. Rfe1 (29. Rexf7 $11 Qxg5 30. Rxf8+ Bxf8 31. Bxg5) 29... Qa8 (29... c4 $17 {Threatening ...c3.} 30. Kg2 c3) 30. Kg2 Qa2+ 31. Kh3 Qc2 {With the idea ...h6.} 32. Re8 (32. Rxf7 $11 {remains equal.} Qg6 33. Rxf8+ Bxf8 34. Qxg6+ hxg6 35. Bd2) 32... Qg6 $17 33. Rxf8+ ({White should play} 33. Bf4 Qxg5 34. Bxg5 Rxe1 35. Rxe1) 33... Bxf8 34. Qd2 (34. Re8 $17 {might work better.} Kg7 35. Qd2) 34... Rb4 35. Re8 Qf5+ 36. Kg2 Rc4 (36... f6 $142 $1 37. Bb2 Rb3) 37. Qh6 $2 {[%mdl 8192]} (37. Kg1 $17) 37... Qxd5+ $19 38. Kh3 Qf5+ 39. Kg2 Rc2+ 40. Bd2 {[#]} Qd5+ $2 (40... Qe4+ $1 $19 {[%mdl 512]} 41. Rxe4 Bxh6) 41. Kf1 (41. Kg1 $1 $11 Qd4+ 42. Kh1) 41... Qh1+ $17 42. Kf2 {[%csl Gh6][%cal Re8f8] [#]} Rxd2+ $1 {[%mdl 64] Deflection} 43. Qxd2 {Intending Qg5+ and mate.} Qxh2+ {[%mdl 4096] Endgame KQR-KQB} 44. Ke1 {Threatening mate with Qg5+.} Qxg3+ 45. Kd1 (45. Kf1 $1 $11) 45... Qg6 $2 (45... Qg4+ $19 46. Ke1 Qg1+ 47. Ke2 Qg2+ 48. Ke1 Qxd2+ 49. Kxd2 f5) 46. Qd5 $11 h6 47. Qa8 Qb1+ 48. Kd2 Qb2+ 49. Kd1 Qb1+ 50. Kd2 Qb2+ 51. Kd1 Qd4+ 52. Kc2 Qg7 53. Re2 {[#]} (53. Qd8 $11 {keeps the balance.}) 53... Qg6+ (53... Kh7 $1 $17 54. Qf3 (54. Rg2 $2 Qe5 $17) 54... Qg6+ 55. Kd2 h5) 54. Kc1 d5 {[%mdl 64] Threatens to win with ...Qg5+. Decoy} 55. Qxd5 Qg5+ 56. Qd2 {Black must now prevent Rg2.} Bg7 (56... Bd6 {is interesting.} 57. Kb2 Be5+ 58. Kb3 Bg7 59. Re8+ Kh7) 57. Rg2 Qxd2+ (57... Qf5 {feels hotter.} 58. Rg3 Kh8 59. Qd8+ Kh7 60. Qd3 Qxd3 61. Rxd3 Bd4) 58. Kxd2 {KR-KB} c4 59. Rg4 c3+ 60. Kd3 Kh7 61. Rc4 h5 62. Ke4 Kg6 {Black wants to play ...f5+.} 63. Rc5 {[#]} (63. Rb4 $11 {and White stays safe.}) 63... h4 $2 (63... f6 $1 $19) 64. Kf4 {The position is equal.} Bd4 65. Rc4 $1 {[%cal Rc4d4]} Bg7 {And now ...f5 would win.} (65... h3 $5 66. Kg3 $8 Be5+ 67. Kxh3 f5 $11) 66. Rc6+ Bf6 {Hoping for ...h3.} 67. Kg4 Kg7 68. Rc5 Bd4 69. Rc4 Bf6 70. Kf5 {Rg4+ is the strong threat.} Be7 (70... h3 $5 71. Rg4+ $8 Kh6 $11) 71. Rxc3 Bd6 {Accuracy: White = 42%, Black = 47%.} 1/2-1/2

[Event "7th Iberoamerican-ch 2019"]
[Site "Linares"]
[Date "2019.08.17"]
[Round "8.24"]
[White "Garcia Martin, Marta"]
[Black "Mieles Palau, Daniel"]
[Result "0-1"]
[WhiteElo "2313"]
[BlackElo "2384"]
[Annotator "NA"]
[PlyCount "108"]
[EventDate "2019.08.10"]
[EventType "swiss"]
[EventCountry "ESP"]
[SourceTitle "playchess.com"]
[Source "ChessBase"]
[SourceQuality "1"]
[TimeControl "5400+30"]

1. e4 {[%emt 0:04:49]} c5 {[%emt 0:00:00]} 2. Nf3 {[%emt 0:00:09]} Nc6 {[%emt 0:00:00]} 3. Bb5 {[%emt 0:00:19]} g6 {[%emt 0:00:24]} 4. Bxc6 {[%emt 0:00:12]} dxc6 {[%emt 0:00:08]} 5. d3 {[%emt 0:00:05]} Bg7 {[%emt 0:00:17]} 6. h3 {[%emt 0:00:13]} Nf6 {[%emt 0:00:34]} 7. Nc3 {[%emt 0:00:16]} Nd7 {[%emt 0:01:19]} 8. Be3 {[%emt 0:00:30]} e5 {[%emt 0:00:08]} 9. Qd2 {[%emt 0:00:11]} h6 {[%emt 0:00:06]} 10. O-O {[%emt 0:00:30]} b6 {[%emt 0:00:10]} 11. Nh2 {[%emt 0:09:11]} Nf8 {[%emt 0:00:21]} 12. f4 {[%emt 0:00:51]} exf4 {[%emt 0:00:52]} 13. Bxf4 {[%emt 0:00:19]} Ne6 {[%emt 0:00:07]} 14. Bg3 {[%emt 0:00:20]} Qg5 {[%emt 0:00:10]} 15. Qe1 {[%emt 0:19:30]} Nd4 {[%emt 0:09:48]} 16. Bf4 {[%emt 0:05:58]} Qe7 {[%emt 0:08:41]} 17. Qd2 {[%emt 0:01:10]} g5 {[%emt 0:11:17]} 18. Bg3 {[%emt 0:01:58]} h5 {[%emt 0:01:16]} 19. Rae1 {[%emt 0:13:47]} h4 {[%emt 0:09:11]} 20. Nd5 {[%emt 0:01:02]} Qf8 {[%emt 0:23:12]} 21. Nc7+ {[%emt 0:12:28]} Kd7 {[%emt 0:01:31]} 22. Nxa8 {[%emt 0:09:26]} hxg3 {[%emt 0:00:08]} 23. Ng4 {[%emt 0:00:03]} Ne6 {[%emt 0:02:32]} 24. Rf5 {[%emt 0:03:58]} Rh4 {[%emt 0:13:19]} 25. c3 {[%emt 0:03:22]} Rxg4 {[%emt 0:00:59]} 26. hxg4 {[%emt 0:00:03]} Qh8 {[%emt 0:00:23]} 27. Qe3 {[%emt 0:00:17]} Be5 {[%emt 0:01:35]} 28. Kf1 {[%emt 0:09:29]} Ke7 {[%emt 0:05:47]} 29. Ke2 {[%emt 0:01:57]} Nf4+ {[%emt 0:00:10]} 30. Kd2 {[%emt 0:00:21]} Bxf5 {[%emt 0:04:48]} 31. exf5 {[%emt 0:00:08]} f6 {[%emt 0:00:01]} 32. Qxg3 {[%emt 0:01:27]} Qxa8 {[%emt 0:00:29]} 33. Qf3 {[%emt 0:00:11]} Kf7 {[%emt 0:01:54]} 34. g3 {[%emt 0:00:35]} Nd5 {[%emt 0:00:07]} 35. Qh1 {[%emt 0:00:56]} Kg7 {[%emt 0:01:21]} 36. Qh5 {[%emt 0:00:48]} Ne7 {[%emt 0:00:03]} 37. Rh1 {[%emt 0:00:58]} Qg8 {[%emt 0:00:10]} 38. Kc2 {[%emt 0:00:39]} Bxg3 {[%emt 0:00:19]} 39. Rh3 {[%emt 0:00:30]} Bh4 {[%emt 0:00:18]} 40. Re3 {[%emt 0:00:16]} Qf7 {[%emt 0:00:36]} 41. Qxf7+ {[%emt 0:00:28]} Kxf7 {[%emt 0:00:03]} 42. Re6 {[%emt 0:00:33]} Bg3 {[%emt 0:01:06]} 43. Kd1 {[%emt 0:00:46]} Be5 {[%emt 0:00:19]} 44. Ke2 {[%emt 0:00:25]} Ke8 {[%emt 0:01:11]} 45. Kf3 {[%emt 0:00:32]} Kd7 {[%emt 0:00:09]} 46. Ke4 {[%emt 0:00:24]} Nd5 {[%emt 0:00:32]} 47. d4 {[%emt 0:00:19]} cxd4 {[%emt 0:00:26]} 48. cxd4 {[%emt 0:00:03]} Nc7 {[%emt 0:02:20]} 49. Rxe5 {[%emt 0:00:33]} fxe5 {[%emt 0:00:04]} 50. dxe5 {[%emt 0:00:47]} c5 {[%emt 0:00:28]} 51. a4 {[%emt 0:00:26]} Kc6 {[%emt 0:00:57]} 52. f6 {[%emt 0:00:38]} Ne6 {[%emt 0:00:06]} 53. Kf5 {[%emt 0:00:47]} Kd5 {[%emt 0:00:03]} 54. f7 {[%emt 0:00:28]} a6 {[%emt 0:00:09]} 0-1

[Event "7th Iberoamerican-ch 2019"]
[Site "Linares"]
[Date "2019.08.17"]
[Round "8.25"]
[White "Moral Garcia, Serafin"]
[Black "Sos Andreu, Eric"]
[Result "1-0"]
[WhiteElo "2281"]
[BlackElo "2354"]
[Annotator "NA"]
[PlyCount "119"]
[EventDate "2019.08.10"]
[EventType "swiss"]
[EventCountry "ESP"]
[SourceTitle "playchess.com"]
[Source "ChessBase"]
[SourceQuality "1"]
[TimeControl "5400+30"]

1. e4 {[%emt 0:00:00]} c6 {[%emt 0:01:11]} 2. d4 {[%emt 0:00:07]} d5 {[%emt 0:00:07]} 3. exd5 {[%emt 0:00:20]} cxd5 {[%emt 0:00:07]} 4. c4 {[%emt 0:00:24]} Nf6 {[%emt 0:00:12]} 5. Nc3 {[%emt 0:00:27]} g6 {[%emt 0:00:08]} 6. cxd5 {[%emt 0:01:07]} Bg7 {[%emt 0:05:54]} 7. Bb5+ {[%emt 0:02:31]} Nbd7 {[%emt 0:00:06]} 8. d6 {[%emt 0:01:29]} exd6 {[%emt 0:00:05]} 9. Qe2+ {[%emt 0:01:09]} Qe7 {[%emt 0:00:20]} 10. Bf4 {[%emt 0:01:17]} Qxe2+ {[%emt 0:02:27]} 11. Bxe2 {[%emt 0:01:58]} Ke7 {[%emt 0:03:02]} 12. Bf3 {[%emt 0:01:16]} Nb6 {[%emt 0:01:34]} 13. Nge2 {[%emt 0:02:19]} h6 {[%emt 0:08:21]} 14. h4 d5 {[%emt 0:02:02]} 15. a4 {[%emt 0:08:59]} Be6 {[%emt 0:01:04]} 16. a5 {[%emt 0:05:03]} Nc4 {[%emt 0:03:22]} 17. b3 {[%emt 0:02:13]} Nd6 {[%emt 0:00:07]} 18. Be5 {[%emt 0:02:28]} Nde4 {[%emt 0:08:11]} 19. Bxe4 {[%emt 0:04:30]} dxe4 {[%emt 0:00:11]} 20. d5 {[%emt 0:00:18]} Bf5 {[%emt 0:02:50]} 21. Ra4 {[%emt 0:06:36]} Rhe8 {[%emt 0:06:57]} 22. Rb4 {[%emt 0:05:11]} Kf8 {[%emt 0:04:11]} 23. Bd6+ {[%emt 0:01:32]} Kg8 {[%emt 0:00:05]} 24. Rxb7 {[%emt 0:01:45]} e3 {[%emt 0:07:57]} 25. f3 {[%emt 0:09:19]} Bd3 {[%emt 0:07:10]} 26. Bc5 {[%emt 0:00:47]} Rac8 {[%emt 0:09:07]} 27. b4 {[%emt 0:00:35]} Bxe2 {[%emt 0:05:04]} 28. Kxe2 {[%emt 0:00:25]} Nh5 {[%emt 0:00:24]} 29. Ne4 {[%emt 0:04:33]} f5 {[%emt 0:02:19]} 30. Nd6 {[%emt 0:08:12]} Nf4+ {[%emt 0:07:26]} 31. Kd1 {[%emt 0:00:29]} Nxd5 {[%emt 0:01:35]} 32. Nxc8 {[%emt 0:02:08]} e2+ {[%emt 0:00:58]} 33. Kd2 {[%emt 0:00:52]} Bc3+ {[%emt 0:01:54]} 34. Kd3 {[%emt 0:00:25]} e1=Q {[%emt 0:00:54]} 35. Rxe1 {[%emt 0:00:04]} Bxe1 {[%emt 0:00:18]} 36. Ne7+ {[%emt 0:00:58]} Nxe7 {[%emt 0:00:05]} 37. Rxe7 {[%emt 0:00:04]} Rxe7 38. Bxe7 {[%emt 0:00:11]} Kf7 {[%emt 0:01:10]} 39. Bc5 {[%emt 0:00:04]} Ke6 {[%emt 0:00:08]} 40. Kc4 {[%emt 0:00:51]} a6 {[%emt 0:00:19]} 41. b5 axb5+ {[%emt 0:00:54]} 42. Kxb5 {[%emt 0:03:26]} Kd7 {[%emt 0:00:46]} 43. Kb6 {[%emt 0:00:11]} Kc8 {[%emt 0:00:46]} 44. a6 {[%emt 0:01:36]} Kb8 {[%emt 0:00:08]} 45. h5 {[%emt 0:00:11]} gxh5 {[%emt 0:00:10]} 46. Kc6 {[%emt 0:00:04]} h4 {[%emt 0:00:51]} 47. Kd6 {[%emt 0:00:18]} Bg3+ {[%emt 0:00:09]} 48. Ke6 {[%emt 0:00:05]} f4 {[%emt 0:00:04]} 49. Kf5 {[%emt 0:00:25]} Kc7 {[%emt 0:00:03]} 50. Kg6 {[%emt 0:00:30]} Kc6 {[%emt 0:00:10]} 51. Kxh6 {[%emt 0:00:50]} Kc7 {[%emt 0:00:27]} 52. Kg5 {[%emt 0:00:21]} Kc6 {[%emt 0:00:09]} 53. Kg4 {[%emt 0:00:22]} Kxc5 {[%emt 0:00:05]} 54. a7 {[%emt 0:00:04]} Kd4 {[%emt 0:00:05]} 55. a8=Q {[%emt 0:00:15]} Ke3 {[%emt 0:00:07]} 56. Qa2 {[%emt 0:00:17]} Kd3 57. Qb2 {[%emt 0:00:10]} Ke3 {[%emt 0:00:26]} 58. Qc2 {[%emt 0:00:24]} Be1 {[%emt 0:00:07]} 59. Qe4+ {[%emt 0:00:53]} Kf2 60. Kxf4 1-0

[Event "7th Iberoamerican-ch 2019"]
[Site "Linares"]
[Date "2019.08.17"]
[Round "8.26"]
[White "Perez Garcia, Alejandro"]
[Black "Garcia, Jhoel"]
[Result "0-1"]
[WhiteElo "2347"]
[BlackElo "2290"]
[Annotator "NA"]
[PlyCount "74"]
[EventDate "2019.08.10"]
[EventType "swiss"]
[EventCountry "ESP"]
[SourceTitle "playchess.com"]
[Source "ChessBase"]
[SourceQuality "1"]
[TimeControl "5400+30"]

1. Nf3 {[%emt 0:00:00]} Nf6 {[%emt 0:02:57]} 2. c4 {[%emt 0:00:00]} g6 {[%emt 0:02:20]} 3. b3 {[%emt 0:00:07]} Bg7 {[%emt 0:00:20]} 4. Bb2 {[%emt 0:00:10]} d6 {[%emt 0:00:15]} 5. d4 {[%emt 0:01:39]} O-O {[%emt 0:03:59]} 6. g3 {[%emt 0:00:38]} e5 {[%emt 0:01:20]} 7. dxe5 {[%emt 0:01:20]} Nfd7 {[%emt 0:01:27]} 8. Nc3 {[%emt 0:08:15]} dxe5 {[%emt 0:00:06]} 9. Bg2 {[%emt 0:07:52]} Nc6 {[%emt 0:00:49]} 10. O-O {[%emt 0:10:57]} e4 {[%emt 0:09:56]} 11. Ne1 {[%emt 0:04:02]} Nc5 {[%emt 0:07:36]} 12. Nc2 {[%emt 0:06:40]} Bg4 {[%emt 0:02:23]} 13. b4 {[%emt 0:19:53]} Nd3 {[%emt 0:02:01]} 14. Qb1 {[%emt 0:09:46]} Nxb2 {[%emt 0:04:31]} 15. Qxb2 {[%emt 0:00:22]} Bxe2 {[%emt 0:05:26]} 16. Rfe1 {[%emt 0:08:29]} Qd3 {[%emt 0:03:22]} 17. Bxe4 {[%emt 0:09:27]} Qxc3 {[%emt 0:00:35]} 18. Qxc3 {[%emt 0:00:30]} Bxc3 {[%emt 0:00:05]} 19. Rxe2 {[%emt 0:00:20]} Bxa1 {[%emt 0:00:07]} 20. Bxc6 {[%emt 0:00:52]} bxc6 {[%emt 0:05:25]} 21. Nxa1 {[%emt 0:00:04]} Rfe8 {[%emt 0:03:03]} 22. Kf1 {[%emt 0:01:54]} a5 {[%emt 0:04:11]} 23. Rxe8+ {[%emt 0:05:03]} Rxe8 {[%emt 0:00:05]} 24. bxa5 {[%emt 0:00:03]} Re4 {[%emt 0:00:05]} 25. Nb3 {[%emt 0:00:26]} Rxc4 {[%emt 0:00:06]} 26. Ke2 {[%emt 0:01:28]} Ra4 {[%emt 0:00:23]} 27. Kd3 {[%emt 0:00:53]} c5 {[%emt 0:00:35]} 28. Kc3 {[%emt 0:00:29]} Rxa2 {[%emt 0:02:21]} 29. Kc4 {[%emt 0:00:28]} Ra3 {[%emt 0:00:10]} 30. f4 {[%emt 0:01:54]} h5 {[%emt 0:00:14]} 31. h3 {[%emt 0:00:20]} Kg7 {[%emt 0:00:08]} 32. g4 {[%emt 0:00:33]} h4 {[%emt 0:00:04]} 33. g5 {[%emt 0:00:16]} Kg8 {[%emt 0:00:22]} 34. Nxc5 {[%emt 0:01:02]} Rxa5 {[%emt 0:00:09]} 35. Kd5 {[%emt 0:00:27]} Ra3 {[%emt 0:00:12]} 36. Ke5 {[%emt 0:00:46]} Rxh3 {[%emt 0:00:27]} 37. Nd7 {[%emt 0:00:12]} Re3+ {[%emt 0:00:12]} 0-1